Statistics for Scheduled Direct Flights between American and Chinese Cities

Click here to take the quiz!

General Stats

  • This quiz has been taken 608 times
    (603 since last reset)
  • The average score is 22 of 32

Answer Stats

Answer% Correct
Beijing
97%
Shanghai
96%
Hong Kong
95%
Los Angeles
95%
New York (JFK)
95%
New York (JFK/Newark)
95%
San Francisco
95%
Chicago
90%
Seattle
89%
Dallas
87%
Guangzhou
87%
Houston
85%
Boston
82%
Washington
81%
Chengdu
74%
Honolulu
73%
Xi'an
71%
Las Vegas
69%
Taipei
68%
Wuhan
68%
Shenzhen
67%
Chongqing
64%
Detroit
64%
Nanjing
54%
Hangzhou
53%
San Jose
45%
Qingdao
44%
Fuzhou
39%
Changsha
35%
Guam
33%
Jinan
19%
Saipan
14%

Score Distribution

Percentile by Number Answered

Percent of People with Each Score

Your Score History

You have not taken this quiz since the last reset